书目信息 |
| 题名: |
爱啊美啊人生啊
|
|
| 作者: | 石川啄木 著 ;周作人 译 | |
| 分册: | ||
| 出版信息: | 天津 百花文艺出版社 2019 |
|
| 页数: | 315页 | |
| 开本: | 23cm | |
| 丛书名: | ||
| 单 册: | ||
| 中图分类: | I313.25 | |
| 科图分类: | ||
| 主题词: | 诗集--日本--现代 | |
| 电子资源: | ||
| ISBN: | 978-7-5306-7732-2 | |
| 000 | 00806nam0 2200229 450 | |
| 001 | 2351182170 | |
| 005 | 20230925141316.44 | |
| 010 | @a978-7-5306-7732-2@dCNY69.80 | |
| 100 | @a20190921d2019 em y0chiy50 ea | |
| 101 | 1 | @achi@cjpn |
| 102 | @aCN@b120000 | |
| 105 | @ay z 000gy | |
| 200 | 1 | @a爱啊美啊人生啊@Aai a mei a ren sheng a@f石川啄木著@g周作人译 |
| 210 | @a天津@c百花文艺出版社@d2019 | |
| 215 | @a315页@d23cm | |
| 330 | @a本书收录了石川啄木的诗歌作品,包括石川啄木的两部短歌集,《一握砂》包含551首短歌,《可悲的玩具》包含194首短歌,这两部歌集记录了诗人在现实世界的思考。 | |
| 606 | 0 | @a诗集@y日本@z现代 |
| 690 | @aI313.25@v5 | |
| 701 | 0 | @c(日)@a石川啄木@Ashi chuan zhuo mu@f(1886-1912)@4著 |
| 702 | 0 | @a周作人@Azhou zuo ren@4译 |
| 801 | 0 | @aCN@b安徽时代@c20230923 |
| 905 | @aBZT@dI313.25@e4 | |
| 爱啊美啊人生啊/石川啄木著/周作人译.-天津:百花文艺出版社,2019 |
| 315页;23cm |
| ISBN 978-7-5306-7732-2:CNY69.80 |
| 本书收录了石川啄木的诗歌作品,包括石川啄木的两部短歌集,《一握砂》包含551首短歌,《可悲的玩具》包含194首短歌,这两部歌集记录了诗人在现实世界的思考。 |
| ● |
| 相关链接 |
|
|
|
正题名:爱啊美啊人生啊
索取号:I313.25/4
 
预约/预借
| 序号 | 登录号 | 条形码 | 馆藏地/架位号 | 状态 | 备注 |
| 1 | 2000932183 | 2000932183 | 第四书库/四37架B面6层6列/ [索取号:I313.25/4] | 在馆 | |
| 2 | 2000932184 | 2000932184 | 第四书库/四37架B面6层6列/ [索取号:I313.25/4] | 在馆 | |
| 3 | 2000932185 | 2000932185 | 第四书库/四37架B面6层6列/ [索取号:I313.25/4] | 在馆 | |
| 4 | 2000932186 | 2000932186 | 第四书库/四37架B面6层6列/ [索取号:I313.25/4] | 在馆 | |
| 5 | 2000932187 | 2000932187 | 第四书库/四37架B面6层6列/ [索取号:I313.25/4] | 在馆 | |
| 6 | 2000932188 | 2000932188 | 第四书库/四37架B面6层6列/ [索取号:I313.25/4] | 在馆 |